h1

h2

h3

h4

h5
h6
000561694 001__ 561694
000561694 005__ 20231214085728.0
000561694 037__ $$aRWTH-2015-06994
000561694 041__ $$aEnglish
000561694 1001_ $$0P:(DE-82)IDM00389$$aMarks, Caroline$$b0$$urwth
000561694 1112_ $$aSymposium: Quantitative NMR Methods for Reaction and Process Monitoring$$cKaiserslautern$$d2015-01-15 - 2015-01-16$$wGermany
000561694 245__ $$aApplication of Low-Field NMR for the Determination of H-D Exchange Kinetics in Mixtures of EMIMAc and D2O$$hdata medium
000561694 260__ $$c2015
000561694 3367_ $$033$$2EndNote$$aConference Paper
000561694 3367_ $$0PUB:(DE-HGF)24$$2PUB:(DE-HGF)$$aPoster$$bposter$$mposter
000561694 3367_ $$2BibTeX$$aINPROCEEDINGS
000561694 3367_ $$2DRIVER$$aconferenceObject
000561694 3367_ $$2DataCite$$aOutput Types/Conference Poster
000561694 3367_ $$2ORCID$$aCONFERENCE_POSTER
000561694 5203_ $$lger
000561694 520__ $$leng
000561694 536__ $$0G:(GEPRIS)39030946$$aDFG project 39030946 - EXC 236: Maßgeschneiderte Kraftstoffe aus Biomasse (39030946)$$cDFG-EXC236$$x0
000561694 7001_ $$0P:(DE-82)IDM00369$$aMitsos, Alexander$$b1$$urwth
000561694 7001_ $$0P:(DE-82)IDM00357$$aViell, Jörn$$b2
000561694 909CO $$ooai:publications.rwth-aachen.de:561694$$pVDB
000561694 9101_ $$0I:(DE-HGF)0$$6P:(DE-HGF)0$$aRWTH Aachen University, AVT.Process Systems Engineering$$b0
000561694 9101_ $$0I:(DE-HGF)0$$6P:(DE-82)IDM00369$$aRWTH Aachen University, AVT.Process Systems Engineering$$b1
000561694 9101_ $$0I:(DE-HGF)0$$6P:(DE-82)IDM00357$$aRWTH Aachen University, AVT.Process Systems Engineering$$b2
000561694 9141_ $$y2015
000561694 9201_ $$0I:(DE-82)416710_20140620$$k416710$$lLehrstuhl für Systemverfahrenstechnik$$x0
000561694 9201_ $$0I:(DE-82)080026_20160919$$k080026$$lExzellenzcluster Tailor made fuels from biomass / Maßgeschneiderte Kraftstoffe aus Biomasse$$x1
000561694 961__ $$c2015-11-30T09:20:11.545187$$x2015-11-30T09:20:11.545187$$z2015-12-01
000561694 980__ $$aI:(DE-82)416710_20140620
000561694 980__ $$aUNRESTRICTED
000561694 980__ $$aVDB
000561694 980__ $$aposter
000561694 980__ $$aI:(DE-82)080026_20160919